[Event "Nussloch"]
[Site "Nussloch"]
[Date "1996.??.??"]
[Round "3"]
[White "Lobron, Eric"]
[Black "Slobodjan, Roman"]
[Result "1-0"]
[WhiteElo "2590"]
[BlackElo "2525"]
[Annotator "Lutz,C"]
[PlyCount "57"]
[EventDate "1996.??.??"]
[EventType "tourn"]
[EventRounds "11"]
[EventCountry "GER"]
[EventCategory "15"]
[SourceTitle "CBM 053"]
[Source "ChessBase"]
[SourceDate "1996.08.01"]
[SourceVersion "1"]
[SourceVersionDate "1996.08.01"]
[SourceQuality "1"]

1. d4 {Ftacnik} d5 2. Nf3 c6 3. c4 Nf6 4. Nc3 e6 5. Bg5 h6 6. Bh4 dxc4 7. e4 g5
8. Bg3 b5 9. Be2 a6 (9... Bb7 {Ftacnik} 10. O-O Be7 11. Ne5 Nbd7 12. f4 Nxe5
13. fxe5 Nh7 14. Bh5 O-O 15. Qf3 $13 {Kuprejchik-Sveshnikov/USSR ch/1985/}
Qxd4+ 16. Kh1 Qd7 $5) (9... Nbd7 {Ftacnik}) (9... b4 {Ftacnik} 10. Na4 Nxe4 11.
Be5 $13) 10. Qc2 (10. O-O {Ftacnik} Bb7 11. Ne5 $5 Bg7 (11... Nbd7 12. f4 Nxe5
13. fxe5 Nd7 14. Bh5 Rh7 15. Bxf7+ Rxf7 16. Qh5 Qe7 17. Rf2 Bg7 18. Raf1 $18)
12. f4 O-O 13. fxg5 hxg5 14. Bh5 $1 Nxh5 $8 15. Qxh5 f6 $8 16. Ng4 Nd7 $1 17.
e5 Qe8 $1 {Lputian,S-Sveshnikov,E/USSR/1991/ (19)}) (10. Ne5 {Ftacnik} h5 11.
h4 g4 12. f3 c5 13. d5 Nbd7 14. dxe6 fxe6 15. O-O Rg8 16. Qe1 Nxe5 17. Bxe5 Nd7
18. Rd1 Qb6 19. Qg3 Bb7 20. fxg4 O-O-O 21. Bf4 hxg4 22. Bxg4 {1-0 Ambarcumjan,
A-Guliev,S/Frunze op/1989/ (30)}) 10... Be7 (10... g4 $5 {Ftacnik} 11. Ne5 b4
12. Nd1 Qxd4 $13) 11. Rd1 Bb7 12. O-O Nbd7 13. Ne5 {Die Drohung ist 14.Nf7, 15.
e5, 16.Bh5} Nxe5 (13... h5 $5 14. h4 gxh4 15. Bxh4 Ng4 16. Bg3 Ngxe5 17. Bxe5
Nxe5 18. dxe5 Qc7 19. Qd2 Rd8 20. Qf4 Kf8 21. b3 cxb3 22. axb3 h4 23. Bg4 Kg7
24. Rxd8 Bxd8 25. Rd1 Qe7 26. Rd6 Bc7 27. Rd3 Rh6 28. Rf3 c5 $17 {0-1 Kurz,
A-Kuczynski,R/BL 9192 (1992) ;BL 90 1992 (57)}) (13... Qb6 {Ftacnik} 14. f4 c5
$13) 14. Bxe5 Rg8 (14... Rf8 15. f4 $44) (14... Qb6 {Ftacnik} 15. f4 $1) 15.
Bxf6 Bxf6 16. e5 Be7 (16... Bg7 17. Ne4 $40) 17. Qh7 Rf8 (17... Kf8 $2 18. f4
$40) 18. Bh5 Qd7 $2 {Sieht nach einem glatten Tempverlust aus.} (18... Qc7 $5
19. f4 (19. Qxh6 b4 (19... O-O-O {Ftacnik} 20. Bxf7 $1) 20. Ne4 $16) 19...
O-O-O 20. Bxf7 Kb8 $13 {Unter Aufgabe des Plusbauern hat Schwarz den König in
Sicherheit geschafft. Die Lage ist nicht klar.} 21. Bxe6 gxf4 22. Qxh6 c5) 19.
Ne4 Qc7 (19... O-O-O 20. Nc5 (20. Nc5 {Ftacnik} Bxc5 21. dxc5 Qc7 22. Rd6 f6
23. Qxh6 $14)) 20. Nc5 Bc8 (20... Bxc5 {Ftacnik} 21. dxc5 Qxe5 22. Rfe1 Qf6 23.
Qg7 $1 Qe7 (23... Qxg7 24. Rxe6#) 24. Rd6 Bc8 25. Qxh6 $18) 21. f4 (21. Qxh6
Bxc5 22. dxc5 Qxe5 23. Rfe1 Rh8) 21... Bd7 (21... gxf4 {Ftacnik} 22. Rxf4 Bxc5
23. dxc5 $18) 22. fxg5 O-O-O 23. g6 (23. Rxf7 Rxf7 24. Bxf7 Bxc5 25. dxc5 Qxe5
$132) 23... Rh8 $2 (23... Bxc5) (23... Bxc5 {Ftacnik} 24. dxc5 (24. g7 $6 Qxe5
$1 25. gxf8=Q Bxd4+ 26. Kh1 Rxf8 27. Bxf7 Bxb2 $17) 24... Qxe5 $1 (24... fxg6
25. Rxf8 Rxf8 26. Bxg6 Rd8 27. Qg7 $14) 25. g7 Rg8 26. Rxf7 Qxc5+ 27. Kf1 Qxh5
28. Rdxd7 Rxd7 29. Qxg8+ Kc7 30. Rxd7+ Kxd7 31. Qf8 Qd1+ $10) (23... fxg6 {
Ftacnik} 24. Qxe7 Rxf1+ 25. Rxf1 gxh5 26. Nxa6 $16) 24. Qxf7 $18 Bxc5 25. dxc5
Qxe5 (25... Rhf8 {Ftacnik} 26. Qxf8 Rxf8 27. Rxf8+ Kb7 28. g7 $18) 26. g7 Rhg8
27. Rxd7 Rxg7 (27... Rxd7 {Ftacnik} 28. Qxg8+ Kc7 29. Qf8 $18) 28. Rxd8+ Kxd8
29. Rd1+ (29. Rd1+ {Ftacnik} Kc8 30. Qe8+ Kb7 31. Rd7+ Rxd7 32. Qxd7+ Kb8 33.
Qd8+ Kb7 34. Qb6+ Kc8 35. Qxc6+ Kd8 36. Qd6+ $18) 1-0

[Event "RUS-Cup final"]
[Site "Ekaterinburg"]
[Date "1999.??.??"]
[Round "9"]
[White "Kobalia, Mihail"]
[Black "Yevseev, Denis"]
[Result "0-1"]
[WhiteElo "2537"]
[BlackElo "2503"]
[Annotator "Lutz,C"]
[PlyCount "90"]
[EventDate "1999.08.28"]
[EventType "tourn"]
[EventRounds "11"]
[EventCountry "RUS"]
[EventCategory "11"]
[SourceTitle "CBM 075"]
[Source "ChessBase"]
[SourceDate "2000.04.05"]
[SourceVersion "1"]
[SourceVersionDate "2000.04.05"]
[SourceQuality "1"]

1. c4 c6 2. d4 d5 3. Nf3 Nf6 4. Nc3 e6 5. Bg5 h6 6. Bh4 dxc4 7. e4 g5 8. Bg3 b5
9. Be2 Bb7 10. h4 b4 $5 11. Na4 Nxe4 12. Bxc4 $2 {Dieser Zug erscheint als ein
Fehler, da die weiße Bauernstruktur zerstört wird.} (12. Be5 f6 13. Qc2 $5 c5
14. Bxc4 $5 $13 {0-1 Sherbakov,R-Yagupov,I/St Petersburg 1999/CBM 74/[Lutz] 
(54)}) 12... Nxg3 13. fxg3 Nd7 14. hxg5 (14. O-O Qc7) 14... Qc7 15. Rh3 O-O-O
$17 {Offensichtlich ist etwas für Weiß schiefgelaufen: Sein König steht in der
Mitte und seine Bauern sind schwach.} 16. Qd2 Bd6 17. gxh6 Bxg3+ 18. Kf1 Bf4
19. Qxb4 Bxh6 20. Qb3 Bg7 21. Rxh8 Rxh8 22. Rd1 Rh1+ 23. Kf2 Rxd1 24. Qxd1 c5
25. d5 {Verliert einen Bauern.} (25. dxc5 Nxc5 26. Qc2 $17) 25... Qd6 26. Qe2
Bxd5 27. Bxd5 Qxd5 28. b3 Kd8 29. Qb5 Ke7 30. Qa5 Bd4+ 31. Nxd4 Qxd4+ 32. Kg3
Kf6 33. Qd8+ Kf5 34. Qe7 Ne5 35. Qxc5 Qf4+ 36. Kh3 Qg4+ 37. Kh2 Qh4+ 38. Kg1
Qe1+ 39. Kh2 Kg6 40. Qd4 f5 41. Qd8 Ng4+ 42. Kh3 Qe3+ 43. Kh4 Nf6 44. Qc8 Qe1+
45. Kh3 Kg5 0-1

[Event "Tan Chin Nam Cup 8th"]
[Site "Qingdao"]
[Date "2002.07.05"]
[Round "3"]
[White "Sasikiran, Krishnan"]
[Black "Novikov, Igor A"]
[Result "1/2-1/2"]
[WhiteElo "2650"]
[BlackElo "2601"]
[Annotator "Lutz,C"]
[PlyCount "73"]
[EventDate "2002.07.04"]
[EventType "swiss"]
[EventRounds "9"]
[EventCountry "CHN"]
[SourceTitle "CBM 091"]
[Source "ChessBase"]
[SourceDate "2002.11.12"]
[SourceVersion "1"]
[SourceVersionDate "2002.11.12"]
[SourceQuality "1"]

1. d4 d5 2. c4 e6 3. Nc3 c6 4. Nf3 Nf6 5. Bg5 h6 6. Bh4 dxc4 7. e4 g5 8. Bg3 b5
9. Be2 Bb7 10. Ne5 $5 {Dieser Zug wurde von Topalov und Sasikiran schon
häufiger angewandt.} h5 (10... Bg7 11. h4 b4 (11... Nfd7 $6 12. Ng4 $1 Qa5 13.
hxg5 hxg5 14. Rxh8+ Bxh8 15. Kf1 $16 {1/2-1/2 Topalov,V-Timman,J/Wijk aan Zee
1998/CBM 63/[Lutz] (42)}) (11... Nbd7 12. Qc2 c5 13. hxg5 cxd4 $6 14. Nxb5 Nxe4
15. Nxc4 Nxg3 16. Nbd6+ Kf8 17. Nxb7 Qc7 18. fxg3 Qxb7 (18... Qxg3+ {Lutz} 19.
Kf1 hxg5 20. Rxh8+ Bxh8 21. Qd3 $16) 19. O-O $16 {1-0 Topalov,V-Dreev,A/New
Delhi/Theran 2000/CBM 81/[Lutz] (34)}) 12. hxg5 hxg5 13. Rxh8+ Bxh8 14. Nxc4
bxc3 15. Nd6+ Kf8 16. Nxb7 Qb6 17. Nc5 cxb2 18. Rb1 Nbd7 19. Nxd7+ Nxd7 20.
Bd6+ Kg8 21. e5 $36 {0-1 Oms Pallise,J-Korneev,O/Dos Hermanas 2001/CBM 83/
[Lutz] (26)}) (10... Nbd7 11. O-O (11. Qc2 Rg8 (11... Nxe5 12. Bxe5 Be7 13. O-O
Qb6 14. Rad1 Rg8 15. b3 cxb3 16. axb3 $44 {0-1 Van Wely,L-Dreev,A/Neum 2000/
EXT 2001 (36)}) (11... Bg7 12. Rd1 Nxe5 13. Bxe5 Qa5 14. O-O O-O 15. f4 Nh7 16.
Bxg7 Kxg7 17. fxg5 hxg5 18. e5 c5 19. d5 $40 {1-0 Topalov,V-Komljenovic,D/
Villarrobledo 2000/EXT 2001 (32)}) 12. Rd1 Nxe5 13. Bxe5 Nd7 14. Bg3 Qb6 15.
O-O a6 16. d5 O-O-O 17. dxe6 fxe6 18. Bg4 c5 19. e5 Be7 20. Qh7 Rge8 21. Qf7
Qc6 22. Bf3 Qc7 23. Qxe6 $40 {1-0 Topalov,V-Bareev,E/Frankfurt 2000/CBM 76 ext
(49)}) (11. h4 Nxe5 12. hxg5 Nfd7 13. dxe5 Qxg5 14. Kf1 h5 15. Rh3 h4 16. f4
Qxg3 17. Rxg3 hxg3 18. Bh5 O-O-O 19. Qf3 f6 20. Rd1 fxe5 21. Bf7 b4 22. Bxe6
bxc3 23. Rxd7 Rxd7 24. Qxc3 Rhh7 $13 {1/2-1/2 Dimitrov,V-Yevseev,D/Koszalin
1999/EXT 2000 (53)}) 11... b4 12. Nxd7 Kxd7 $2 13. e5 bxc3 14. exf6 cxb2 15.
Rb1 Ba3 16. Qa4 Qf8 17. Bxc4 Kc8 18. Ba6 {1-0 Sasikiran,K-Hatanbaatar,B/
Istanbul 2000/EXT 2001 (18)}) (10... Bb4 11. O-O Nbd7 12. f4 Bxc3 13. bxc3 Nxe5
14. fxg5 Nfd7 15. dxe5 Qxg5 16. Rxf7 O-O-O 17. Bg4 Qg6 18. Bh5 Qxe4 19. Qd6 Qd5
20. Rd1 $40 {1-0 Sasikiran,K-Ramesh,R/Udaipur 2000/EXT 2001 (32)}) 11. h3 (11.
h4 $5 g4 {würde mit Zugumstellung zur Khalifman-Variante 10.h4 g4 11.Ne5 h5
führen. Vielleicht stellt dies sogar die beste Option für Weiß dar.}) 11... a6
(11... Bg7 12. O-O a6 13. f4 g4 14. hxg4 hxg4 15. f5 c5 16. Nxf7 Kxf7 17. fxe6+
Kg8 18. d5 Nh5 19. Bf2 Bd4 20. Bxd4 cxd4 21. Bxg4 Nf6 22. e7 Qd6 23. e8=Q+ Nxe8
24. Be6+ Kg7 {1-0 Gershon,A-Pavlovic,S/Korinthos 2002/CBM 89 ext (24)}) 12. O-O
g4 $5 {Schwarz gibt seinen Mehrbauern zurück, ehe Weiß mit f2-f4 selbst Linien
öffnet. Schwarz erhält Spiel entlang der g- und h-Linie. Es scheint mir, als
ob Schwarz so befriedigendes Spiel erhält.} 13. hxg4 hxg4 14. Nxg4 Nbd7 15. e5
Nxg4 16. Bxg4 Qg5 17. f4 Qg7 18. f5 {Weiß richtet sein Spiel direkt gegen den
Pe6. Nachteilig ist aber, dass seine Königsstellung noch etwas weiter geöffnet
wird.} O-O-O 19. fxe6 fxe6 20. Rf4 Rh6 21. Qe2 Be7 22. Rd1 Bg5 23. Rf6 $5 Rdh8
{Schwarz verschmäht das weiße Opfer.} (23... Bxf6 $6 {öffnet den weißen
Läufern das Spiel gegen den schwarzen König.} {Nach} 24. exf6 {[%csl Rb8,Rc8]
[%cal Yg3b8,Yg4c8,Yc3e4,Ye4d6,Yd6c8]} Rxf6 {kann Weiß zumindest mit} (24...
Nxf6 25. Qe5 $18) 25. Ne4 Rg8 26. Nd6+ Kd8 27. Nxb7+ Kc8 28. Nd6+ Kd8 {das
Unentschieden erzielen.}) 24. Rxh6 Qxh6 25. Bh3 Be3+ 26. Bf2 Bxf2+ 27. Qxf2 Qg6
28. Qe3 Rh4 {Der weiße König steht weiterhin etwas unsicher, aber die
schwarzen Leichtfiguren sind sehr passiv. Die Stellung ist ungefähr
ausgeglichen.} 29. Kh2 Kc7 30. Qg3 Qxg3+ 31. Kxg3 Rh6 32. Ne4 $6 (32. Kf4 $5 {
hält den Pe5 gedeckt und verhindert so ...c6-c5.}) 32... Rg6+ 33. Kh4 $6 (33.
Kf2 $5) 33... c5 $1 {Jetzt kommt Schwarz in Vorteil.} 34. Ng5 (34. Nxc5 Nxc5
35. dxc5 Bxg2 36. Kh5 Rg3 37. Bxe6 Re3 $17) 34... Rh6+ 35. Kg3 Bd5 36. dxc5
Nxe5 37. Rf1 (37. Rf1 Kc6 $17) 1/2-1/2

[Event "FRA-ch"]
[Site "Meribel"]
[Date "1998.08.23"]
[Round "10"]
[White "Bacrot, Etienne"]
[Black "Anic, Darko"]
[Result "1-0"]
[WhiteElo "2555"]
[BlackElo "2460"]
[Annotator "Lutz,C"]
[PlyCount "69"]
[EventDate "1998.08.14"]
[EventType "tourn"]
[EventRounds "15"]
[EventCountry "FRA"]
[EventCategory "10"]
[SourceTitle "CBM 067"]
[Source "ChessBase"]
[SourceDate "1998.11.30"]
[SourceVersion "2"]
[SourceVersionDate "1998.11.01"]
[SourceQuality "1"]

1. d4 Nf6 2. c4 c6 3. Nc3 d5 4. Nf3 e6 5. Bg5 h6 6. Bxf6 Qxf6 7. e3 Nd7 8. Bd3
dxc4 9. Bxc4 g6 10. O-O Bg7 11. Rc1 O-O 12. b4 Qe7 13. Qb3 e5 $2 {In der
Moskauer Variante hat der Schwarz das Läuferpaar und einen feste Stellung, der
Weiße dagegen Raumvorteil und Entwicklungsvorsprung. Daher ist es falsch, wenn
Schwarz freiwillig die Stellung öffnet. Besser ist 13...b6 oder 13...Rd8.} (
13... b6 14. e4 Bb7 15. Rfe1 Rac8 16. a3 Rfd8 17. Rcd1 Nf8 18. h3 Rc7 19. e5
Rcd7 20. Rd2 c5 $1 {Erst jetzt erfolgt die Öffnung der Stellung. Schwarz steht
bereits besser.} 21. d5 exd5 22. Nxd5 Bxd5 23. Rxd5 b5 24. Rxd7 Qxd7 25. Be2 c4
26. Qe3 Qc7 27. Rd1 Rxd1+ 28. Bxd1 Ne6 29. Bc2 a5 30. Qc3 axb4 31. Qxb4 Qc6 32.
a4 bxa4 33. Qxa4 Qxa4 34. Bxa4 Nc5 35. Bc2 Kf8 36. Nd2 c3 37. Ne4 Nxe4 38. Bxe4
Bxe5 39. Kf1 f5 40. Bc2 Ke7 41. Ke2 h5 42. f3 {1/2-1/2 Novikov,I-Slobodjan,R/
Calcutta 1996/EXP 50 (42)}) (13... Rd8 14. a4 a5 15. bxa5 Rxa5 16. Rfd1 b6 17.
Nd2 c5 18. d5 Bxc3 19. Rxc3 Nf6 20. dxe6 Bxe6 21. Rcc1 Ra7 22. Bxe6 Qxe6 {
1/2-1/2 Nikolic,P-Kramnik,V/Erevan 1996/EXT 96ch2 (22)}) 14. b5 exd4 15. exd4
Nb6 16. Rfe1 $16 {Alle weißen Figuren spielen mit. Schwarz verliert bereits
Material.} Qd8 $146 (16... Qd6 17. bxc6 (17. Bxf7+ $1 Rxf7 18. Re8+ Bf8 19. Ne5
Qf6 20. Ne4 Qf4 21. Rxf8+ $1 $18 {ist sogar noch ein bißchen stärker.}) 17...
bxc6 (17... Nxc4 $5 $16) 18. Bxf7+ $1 Rxf7 19. Re8+ Bf8 20. Ne5 Qf6 21. Ne4 Qf4
22. Rxc6 (22. Rxf8+ $1 $18) 22... Kg7 23. g3 Qf5 24. g4 Qf4 25. Rxg6+ Kh7 26.
Ng5+ {1-0 Lutz,C-Kuczynski,R/BL9293 1993/BL 90}) 17. bxc6 Nxc4 18. Qxc4 bxc6
19. Ne5 Be6 20. Qxc6 Qxd4 21. Nxg6 Rac8 $5 {Schwarz stiftet noch etwas
Verwirrung.} (21... fxg6 22. Qxe6+ Kh7 23. Ne4 $18 {ist ebenfalls recht
trostlos.}) 22. Ne7+ Kh8 23. Nxc8 Rxc8 24. Rxe6 Rxc6 25. Rxc6 Qd2 26. Ne4 Qxa2
27. Nf6 Bxf6 28. Rxf6 $18 Kg7 29. Rf3 a5 30. h3 a4 31. Rcc3 Qb1+ 32. Kh2 Qb8+
33. g3 Qb4 34. Rc7 Qf8 35. Ra7 1-0

[Event "Albert m"]
[Site "Albert"]
[Date "1999.09.15"]
[Round "2"]
[White "Beliavsky, Alexander G"]
[Black "Bacrot, Etienne"]
[Result "1-0"]
[WhiteElo "2618"]
[BlackElo "2592"]
[Annotator "Lutz,C"]
[PlyCount "33"]
[EventDate "1999.09.14"]
[EventType "match"]
[EventRounds "6"]
[EventCountry "FRA"]
[SourceTitle "CBM 073"]
[Source "ChessBase"]
[SourceDate "1999.12.01"]
[SourceVersion "1"]
[SourceVersionDate "1999.12.01"]
[SourceQuality "1"]

1. d4 {McShane} d5 2. c4 c6 3. Nf3 Nf6 4. Nc3 e6 5. Bg5 h6 6. Bh4 dxc4 7. e4 g5
8. Bg3 b5 9. Be2 Nbd7 $5 {Dieser Zug wird zusehends populärer, sicherlich eine
Reaktion auf die anhaltenden Probleme nach 9...Bb7 10.h4!.} 10. d5 $5 {Der
Versuch, die schwarze Zugumstellung auszunutzen.} (10. O-O Bb7 {führt zu der
alten Hauptvariante, die aus schwarzer Sicht nicht zu fürchten ist.}) 10... b4
$6 {Nach diesem Zug zerfällt der schwarze Damenflügel.} (10... Bb7 {gefällt
mir besser, wenngleich Schwarz auch dann Porbleme hat. Dieser Zug wird in Zhu
Chen-Dreev,A/Shenyang 1999 behandelt.}) 11. dxe6 bxc3 (11... fxe6 12. Na4 Be7
13. Bxc4 Nb6 14. Qc2 Nxc4 15. Qxc4 O-O 16. O-O Qe8 17. Rfe1 $2 (17. Ne5 $16)
17... Nh5 18. Be5 Nf4 19. Bxf4 gxf4 20. Nc5 Qg6 21. Rac1 Kh7 22. e5 Rb8 23. Qe4
Rb5 24. Qxg6+ Kxg6 25. Ne4 c5 26. Nd6 Ra5 27. b3 Bd7 28. Rc2 Bc6 29. Rec1 Bxf3
30. gxf3 Bxd6 31. exd6 Rd8 32. Rxc5 Rxa2 33. Rd1 Kf6 34. Rc4 e5 35. Rxb4 Ke6
36. Rb7 Rxd6 37. Rxd6+ Kxd6 38. Rh7 a5 39. Rxh6+ Kc5 40. Re6 Kd5 41. Ra6 Ra3
42. Kg2 e4 43. fxe4+ Kxe4 44. h4 Kf5 45. h5 Rxb3 46. h6 Rb7 47. Rxa5+ Kg6 48.
Ra6+ Kg5 49. Kf3 Rc7 50. Ke4 Re7+ 51. Kd5 Rd7+ 52. Ke5 Re7+ 53. Re6 Rxe6+ 54.
Kxe6 Kxh6 55. Kf5 f3 56. Kf4 Kg6 57. Kxf3 Kf5 {1/2-1/2 Cramling,P-Galliamova
Ivanchuk,A/Belgrade 1996/EXT 97 (57)}) 12. exd7+ Qxd7 $146 {McShane: 'With
hindsight '} (12... Bxd7 13. bxc3 Nxe4 14. Be5 $6 {McShane: 'looks interesting
although it's certainly an easier position for White to play. '} (14. Qd4 Nxg3
15. hxg3 Rg8 16. O-O {gibt Weiß angesichts des unrochierten schwarzen Königs
hervorragende Kompensation.}) ({or} 14. Qd4 {McShane}) 14... f6 15. Qc2 Bf5 16.
Nd4 Bg6 17. Bf3 Qd5 18. Bxf6 Rg8 19. O-O Kf7 20. Rfe1 Re8 21. Bd8 g4 22. Bxg4
Qxd8 23. Qa4 Qd5 24. Qxa7+ Kf6 25. Re3 Bc5 26. Rf3+ Kg5 27. Qc7 Qd6 28. Qxd6
Bxd6 29. Bd7 Bh5 30. Rf5+ Kg6 31. Re1 c5 32. Nc6 Nf6 33. Bxe8+ Kxf5 34. Bxh5
Nxh5 35. Na5 Be5 36. Nxc4 Bxc3 37. Nd6+ Kg6 38. Re6+ Nf6 39. Ne4 Kf5 40. Nxf6
Bxf6 41. Rc6 Bd4 42. Rxh6 Ra8 {0-1 Savchenko,S-Sveshnikov,E/Moscow 1991/TD (42)
}) 13. Qc2 {'!' McShane. McShane: 'Black's king will suffer more in the
presence of queens.'} g4 {'?!' McShane. McShane: 'I can only offer the
obvious' Forciert das Geschehen, aber Schwarz steht ohnehin einfach schlecht.}
(13... cxb2 {(McShane) as an improvement, but after} 14. Qxb2 Bg7 15. Be5 Qb7
$5 16. Qxb7 Bxb7 17. Nd4 $1 {intending Nf5, it's still much better for White.})
14. Rd1 $1 (14. Ne5 $2 Qd2+ $1 (14... Qd4 {McShane} 15. bxc3 Qxe4 {looks like
the motive behind 12...g4, but Beliavsky finds a crusher.}) 15. Qxd2 cxd2+ 16.
Kxd2 Nxe4+ {und Schwarz ist aus dem Gröbsten heraus.}) 14... Qb7 15. Ne5 {
'!' McShane.} Qxb2 (15... cxb2 16. O-O Be6 17. Bxc4 $18 {ist ziemlich verloren
für Schwarz (auch wenn mir FRITZ nicht glauben will).}) 16. Qa4 {'!' McShane.
McShane: 'Clearly White will lose much of his initiative in a queen exchange.'}
Qb5 {Diesen Zug hatte Bacrot wahrscheinlich bei 13...g4 geplant, es gibt aber
einen "kleinen" Haken. Allerdings steht Schwarz andernfalls auch auf Verlust.}
(16... Bb7 17. Nxc6 (17. Bxc4 $6 c2 {ist weniger überzeugend.}) (17. Qxc4 {
McShane} Rh7 18. O-O {threatening Rb1 is much better for White.}) 17... Qa3 18.
Qb5 $18 {z.B.} Ba6 19. Bb8 Be7 20. Qe5 Kf8 21. Bd6 Bxd6 22. Qxf6 Rh7 23. Rxd6)
(16... Bd7 {McShane} 17. Nxd7 Nxd7 18. Qxc6 Rd8 19. Bxg4 {wins.}) 17. Rd8+ $1 {
'!!' McShane. McShane: 'Wherever the king goes 18.Nxc6+ picks up the queen.'
Dieser taktische Haken führt zum K.O. !} (17. Rd8+ $1 Kxd8 18. Nxc6+ {zieht
der Qb5 den Stuhl weg.}) 1-0

[Event "Hastings 00 75th"]
[Site "Hastings"]
[Date "2000.01.09"]
[Round "6"]
[White "Sokolov, Ivan"]
[Black "Dreev, Alexey"]
[Result "0-1"]
[WhiteElo "2637"]
[BlackElo "2680"]
[Annotator "Lutz,C"]
[PlyCount "68"]
[EventDate "2000.01.04"]
[EventType "tourn"]
[EventRounds "9"]
[EventCountry "ENG"]
[EventCategory "13"]
[SourceTitle "CBM 075"]
[Source "ChessBase"]
[SourceDate "2000.04.05"]
[SourceVersion "1"]
[SourceVersionDate "2000.04.05"]
[SourceQuality "1"]

1. d4 d5 2. c4 c6 3. Nf3 Nf6 4. Nc3 e6 5. Bg5 h6 6. Bxf6 Qxf6 7. e3 Nd7 8. a3
g6 9. b4 Bg7 10. cxd5 exd5 {Nun entstehen Strukturen, die aus dem Klassischen
Damengambit bekannt sind. Weiß strebt einen Minoritätsangriff am Damenflügel
an, während Schwarz sein Glück in einem flexiblem Aufbau und Angriff am
Königsflügel sucht.} (10... cxd5 $11 {führt zu langweiligeren Stellungen, gilt
aber als problemlose Ausgleichsvariante.}) 11. Bd3 Qd6 12. O-O O-O 13. Qb3 Nb6
14. a4 (14. Rfc1 Be6 15. Nd2 Rfb8 16. Rab1 a5 17. bxa5 Nd7 18. a4 Rxa5 19. Qc2
Ra7 20. Ne2 Nf8 21. h3 Bc8 22. Nc3 Ne6 23. Kh1 Bd7 24. Rb6 Qc7 25. Rcb1 Ra5 26.
f4 Nc5 27. dxc5 Rxc5 28. R6b3 b5 29. axb5 cxb5 30. Nxd5 Rxc2 31. Nxc7 Rxd2 32.
Bxb5 Bf5 33. Bc6 Rxb3 34. Rxb3 Rc2 35. Nd5 Kh7 36. Nb4 Rc1+ 37. Kh2 Bf8 38. Bd5
Rc5 39. Bxf7 Kg7 40. Be8 Rc2 41. Nxc2 {1-0 Piket,J-Dreev,A/Wijk aan Zee 1996/
CBM 51/[Baburin] (41)}) 14... Be6 (14... Bg4 15. Nd2 Be6 16. Rfc1 Nd7 17. Ne2
Rfe8 18. Rab1 Bg4 19. Nc3 Be6 20. Qc2 Rac8 21. Ne2 f5 22. Nb3 b6 23. Nf4 Bf7
24. g3 Qf6 25. a5 Bf8 26. axb6 axb6 27. Nd2 b5 28. Nf3 Bd6 29. Ra1 Nb6 30. Bf1
Nc4 31. Nd3 Rc7 32. Ra6 Ree7 33. Nc5 g5 34. Bd3 Bh5 35. Ra8+ Kg7 36. Ne1 Rf7
37. Rca1 Rce7 38. Ng2 Bf3 39. R1a6 Bc7 40. Rc8 Be4 41. Qe2 Bxd3 42. Qxd3 Rf8
43. Rxf8 Kxf8 44. Qd1 Kg7 45. Nd3 Kh7 46. Kh1 Bb6 47. h4 Ra7 48. Rxa7+ Bxa7 49.
Qa1 Qe7 50. Qa6 Qc7 51. hxg5 hxg5 52. Nge1 Kg8 53. Nf3 f4 54. exf4 Qh7+ 55. Kg2
Qxd3 56. Qc8+ Kg7 57. Qd7+ Kg6 58. Qxc6+ Kh5 59. Qe8+ Kh6 60. fxg5+ Kg7 61.
Qe7+ Kg8 62. Qe6+ Kf8 63. g6 Ne3+ 64. Qxe3 Qxe3 65. fxe3 Bb8 66. Ng5 Bd6 67.
Ne6+ Kg8 68. Kf3 Bxb4 69. Nc7 Ba5 70. Nxb5 Kg7 71. Na7 Bc7 72. Nc6 Bd6 73. Ne5
{1-0 Sokolov,I-Lautier,J/Correze 1992/CBM 28 (73)}) 15. Nd2 Nd7 16. Rab1 a5 {
Dieser Zug erscheint unlogisch, da Schwarz auf dem Damenflügel aktiv wird, der
Domäne des Weißen. Eine ähnliche Idee ist aber aus der Tartakower-Variante im
Damengambit bekannt. Schwarz erlangt die Kontrolle über das Feld c5 und kann
mit ...c6-c5 gegen d4 drücken. Zwar sind die Bauern auf b6 und c6 schwächlich,
aber Weiß kann dies vorerst nicht ausnutzen.} 17. bxa5 (17. b5 $2 c5) 17...
Rxa5 18. Qc2 b6 19. Nb3 Raa8 20. Qd2 c5 21. Bb5 Nf6 22. Rfd1 Ng4 {Provoziert
eine Schwächung.} 23. g3 c4 {Eine zweischneidige Entscheidung. Der Pd5 wird
nun schwach, aber Schwarz erhält Angriff.} 24. Nc1 f5 25. N1a2 g5 26. Nb4 f4
27. Bc6 fxe3 28. fxe3 Rf2 29. Qxf2 (29. Qe1 Raf8 $40) 29... Nxf2 30. Kxf2 Ra5
31. Nb5 $2 {Zeitnot?} (31. Kg2 $13 {führt zu einer völlig unklaren Stellung.
Wegen des Drucks gegen d5 kann sich Schwarz nicht bewegen.}) 31... Qf8+ 32. Kg1
(32. Kg2 Rxa4 33. Nxd5 $2 Ra2+ $19) 32... Qf3 (32... Rxa4 33. Nxd5) 33. Re1 Bf8
34. Nc7 (34. Nc3 Bh3 $19) 34... Bh3 (34... Bh3 35. Rb2 Bxb4 $19) 0-1